01600nam a22002177a 450000500170000000800410001704000440005804100080010208200160011010000240012624502250015026000740037530000610044950004350051050502670094550600210121258600540123365000350128765000320132265000280135420181217101053.0130821k18601861fr a fr 1 spa  aCo-BoUCMbspacSandra YazodSandra Yazo1 aspa04a910.4532201 aCharton, M. Eduardo14aLos viajeros modernos ó relaciones de los viajes mas interesantes e instructivos que se hicieron en los siglos XVI, XVII y XVIIIcM. Eduardo Chartón ; Traducida a castelao bajo la dirección de ... Mariano Urrabieta aParís (Francia)bAdministración del Correo de Ultramarc1860-1861 a2 volúmenes (vi, 421 ; vi, 480 páginas)c26 x 18 cm. aDetalles físicos: Encuadernación rígida en cartón forrado en tela texturizada. Recuadros repujados en ambas tapas, en tinta negra. Lomo decorado en negro y dorado. Guardas. Anteportada. Portada sencilla, impresa en una sola tinta. Texto impreso en una sola columna, con diferentes tipos y tamaños de letra. Notas de pie de página. Grabados entre el texto. Índice. Papel con manchas de humedad y oxidación de tintas0 aV.1: Juan de Betancour ; Cristóbal Colón ; Américo Vespucio ; Vasco de Gama ; Hernando de Magallanes ; Hernán Cortés -- V.2: Jacques Cartier ; Drake ; Barentz y Heemsskerck ; Mendaña y Quiros ; Pyrard de Laval ; Bougainville ; James Cook ; La Perouse aConsulta en sala aObra coronada y premiada por la Academia Francesa 7aDescubrimientos geográficos  7aViajes alrededor del mundo  7aDescripciones y viajes